| 000 | 00982nam a22001937a 4500 | ||
|---|---|---|---|
| 999 |
_c61234 _d61234 |
||
| 003 | Ge_BSU | ||
| 005 | 20240109152821.0 | ||
| 008 | 240109s2023ge xxu||||| |||| 00| 0 geo d | ||
| 041 | _ageo | ||
| 080 | _a347.9(479.22)(094.4)+342.9(479.22)(094.4) ს-32 | ||
| 245 |
_aსაქართველოს სამოქალაქო საპროცესო კოდექსი : _b2023 წლის 10 ოქტომბრის მდგომარეობით |
||
| 264 |
_aთბილისი : _bბონა კაუზა, _c2023. |
||
| 300 |
_a337 გვ.: _b22 სმ. |
||
| 440 |
_aიურისტის ბიბლიოთეკა _9137 |
||
| 501 | _aანბანურ-საგნობრივი საძიებელი გვ:326-337 | ||
| 653 | _aსაქართველოს სამოქალაქო საპროცესო კოდექსი. | ||
| 653 | _aსამართალი | ||
| 942 |
_2udc _cᲬᲘᲒᲜᲘ |
||